Geänderte Hauptstädte - Statistiken

Allgemein
  • Dieses Quiz wurde 7.168 mal gespielt
  • Das Durchschnittsergebnis liegt bei 10 aus 20
Antwortstatistiken
Antwort % Korrekt
Berlin
96%
Moskau
94%
Istanbul
87%
Edo (Tokio)
83%
Stockholm
69%
Peking
68%
Rio de Janeiro
57%
Auckland
48%
Astana
42%
Abuja
40%
Rom
40%
Rabat
38%
Kopenhagen
37%
Colombo
34%
Philadelphia
28%
Kabul
27%
Daressalam
17%
Yangon
17%
Belize City
16%
Abidjan
15%
Keine übereinstimmenden Quizze gefunden
Verteilung der Resultate
Anzahl Personen mit jedem Resultat
Perzentil nach korrekt beantworteten Fragen
Ihre Resultats-Entwicklung
Sie haben dieses Quiz noch nicht gespielt